Tipología documental municipal / Mariano García Ruipérez
ISBN:
84-7788-263-0
Publicado:
[Toledo] :
Junta de Comunidades de Castilla - La Mancha, Consejería de Cultura, Servicio de Publicaciones, DL 2002
Descripción Física:
165 p. ; 23 cm
Colección:
Monografías ; 16
Otros Autores:
Castella-La Manxa. Consejería de Cultura
MARC
| LEADER | 00000nam a2200000Ia 4500 | ||
|---|---|---|---|
| 001 | 15271 | ||
| 008 | 160829s9999 xx 000 0 cat d | ||
| 020 | |a 84-7788-263-0 | ||
| 080 | |a A-2-178 | ||
| 100 | |a García Ruipérez, Mariano |9 18059 | ||
| 245 | |a Tipología documental municipal / Mariano García Ruipérez | ||
| 260 | |a [Toledo] : |b Junta de Comunidades de Castilla - La Mancha, Consejería de Cultura, Servicio de Publicaciones, DL 2002 | ||
| 300 | |a 165 p. ; |c 23 cm | ||
| 490 | |a Monografías ; 16 | ||
| 590 | |a Notes, bibliografia, referències bibliogràfiques | ||
| 650 | |a Documents públics |x Classificació |9 28534 | ||
| 650 | 0 | |a Arxius municipals |9 41223 | |
| 700 | |a Castella-La Manxa. Consejería de Cultura |9 34011 | ||
| 901 | |a Arxiu | ||
| 942 | |n 1 | ||
| 952 | |0 0 |1 0 |4 0 |6 A2178 |7 1 |9 46342 |a Arxiu |b Arxiu |d 2016-12-01 |l 0 |o A-2-178 |p 15271 |r 2016-12-01 00:00:00 |w 2016-12-01 |y ARXIU | ||
| 999 | |c 50127 |d 50127 | ||